000 00498cam a2200205ua 4500
001 8502
005 20260515114337.0
008 150205n ii |||gr||||Z||||||asm
040 _cMAIN
041 _aasm
082 _a070.4
100 _aMahanta, P. Kr.,
_eEditor.
245 1 _aSangbadikata
_cEdited by Prasanta Kr. Mahanta
250 _a2nd.
260 _aJorhat:
_bGrantha,
_c2005.
300 _a304p.
653 _aNews media, journalism & publishing
653 _aJournalism
942 _cBK
999 _c7598
_d7598